=LDR 00000nam 2200000 4500 =001 INLIS000000000027735 =005 20130612130104 =008 ***********************************Ind** =035 ##$$0010-061300000027735 =041 ##$$a Ind =082 ##$$a 574.76 =090 ##$$a 574.76, Ban b =245 ##$$a BANK Soal biologi SLTP kelas 1,2dan 3, Lilis Supriatini (et al.) =260 ##$$a 2004 $b Bandung =300 ##$$a 196 hlm., ilus., 31 cm =650 ##$$a Biologi-soal =700 ##$$a SUPRIATINI, Lilis =850 ##$$a NBPNMAT